[Event "6 tur"]
[Site "?"]
[Date "2004.??.??"]
[Round "?"]
[White "Gavariev"]
[Black "Syskov"]
[Result "0-1"]
[WhiteElo "2310"]
[BlackElo "2260"]
[PlyCount "166"]
[EventDate "2004.??.??"]

1. d4 Nf6 2. c4 e6 3. Nf3 b6 4. g3 Bb7 5. Bg2 Be7 6. Nc3 Ne4 7. Qc2 Nxc3 8.
Qxc3 Be4 9. O-O O-O 10. Be3 Bf6 11. Qd2 d6 12. d5 Qe7 13. Rac1 a5 14. dxe6 fxe6
15. Bh3 Nd7 16. Ng5 Bxg5 17. Bxg5 Qf7 18. Be3 Rae8 19. f3 Bc6 20. b3 Qh5 21.
Bg2 Nc5 22. Qc3 e5 23. Rfe1 Ne6 24. Qd2 Rf6 25. a3 Rg6 26. b4 axb4 27. axb4 Rf8
28. Rc3 Nf4 29. Bxf4 exf4 30. g4 Qh4 31. e4 fxe3 32. Rcxe3 h5 33. h3 Qg3 34.
R1e2 Rgf6 35. b5 Rxf3 36. Rxf3 Bxf3 37. Rf2 hxg4 38. hxg4 Qxg4 39. Qd3 Bxg2 40.
Rxg2 Qf3 41. Qg6 Qe3+ 42. Kh2 Qe5+ 43. Kg1 Ra8 44. Rf2 Rf8 45. Rxf8+ Kxf8 46.
Qg4 Ke7 47. Qh4+ Kd7 48. Qg4+ Kd8 49. Qh4+ g5 50. Qg4 Qf4 51. Qe6 g4 52. Qg8+
Kd7 53. Qg7+ Kc8 54. Qg8+ Kb7 55. Kg2 g3 56. Qd5+ Kb8 57. Kh3 Qf2 58. Qg8+ Ka7
59. Qc8 Qh2+ 60. Kg4 Qe2+ 61. Kxg3 Qxc4 62. Kf3 d5 63. Qd7 Qe4+ 64. Kf2 Qe5 65.
Kf1 d4 66. Kg2 Qe4+ 67. Kf2 Kb7 68. Kg1 d3 69. Kf2 Qe2+ 70. Kg3 d2 71. Qd5+ Kc8
72. Qa8+ Kd7 73. Qd5+ Ke7 74. Qg5+ Ke6 75. Qg6+ Kd5 76. Qc6+ Kd4 77. Qd7+ Kc3
78. Qxc7+ Kb2 79. Qg7+ Kb1 80. Qg6+ Kc1 81. Qc6+ Kb2 82. Qf6+ Kb3 83. Qf7+ Qc4
{time: 2.30 - 2.10} 0-1

[Event "6 tur"]
[Site "?"]
[Date "2004.??.??"]
[Round "?"]
[White "Mingachev"]
[Black "Peleshev"]
[Result "1-0"]
[WhiteElo "2345"]
[BlackElo "2310"]
[PlyCount "51"]
[EventDate "2004.??.??"]

1. d4 d5 2. e3 Nf6 3. Bd3 e6 4. f4 b6 5. Qe2 Bb7 6. Nf3 Nbd7 7. O-O c5 8. c3
Bd6 9. Bd2 Ne4 10. Be1 cxd4 11. cxd4 O-O 12. Nc3 Ndf6 13. Ne5 a6 14. Bh4 Be7
15. Rac1 Nxc3 16. Rxc3 Ne4 17. Bxe4 Bxh4 18. Bd3 Be7 19. Bxh7+ Kxh7 20. Qh5+
Kg8 21. Rf3 f6 22. Ng6 Qe8 23. Rc7 Rc8 24. Nxe7+ Qxe7 25. Rxe7 Rc1+ 26. Rf1 {
time: 0.45 - 0.30} 1-0

[Event "7 tur"]
[Site "?"]
[Date "2004.??.??"]
[Round "?"]
[White "Peleshev"]
[Black "Gavariev"]
[Result "1/2-1/2"]
[WhiteElo "2310"]
[BlackElo "2310"]
[PlyCount "20"]
[EventDate "2004.??.??"]

1. c4 Nf6 2. Nc3 c5 3. g3 g6 4. Bg2 Bg7 5. e3 O-O 6. Nge2 Nc6 7. O-O d6 8. d3
Bd7 9. b3 Rb8 10. Bb2 a6 {time: 0.08 - 0.04} 1/2-1/2

[Event "7 tur"]
[Site "?"]
[Date "2004.??.??"]
[Round "?"]
[White "Sultanov"]
[Black "Zhavoronkov"]
[Result "0-1"]
[WhiteElo "2155"]
[BlackElo "2395"]
[PlyCount "72"]
[EventDate "2004.??.??"]

1. e4 c5 2. Nf3 d6 3. d4 cxd4 4. Nxd4 Nf6 5. Nc3 Nc6 6. g3 Bg4 7. Qd3 Nd7 8. f4
Nc5 9. Qe3 e5 10. Nxc6 bxc6 11. f5 f6 12. h3 Bh5 13. Bc4 Qb6 14. g4 Bf7 15.
Bxf7+ Kxf7 16. a3 a5 17. Rb1 a4 18. Qf3 Rd8 19. Be3 d5 20. exd5 cxd5 21. Nxd5
Qb7 22. c4 e4 23. Qe2 Nd3+ 24. Kf1 Qb3 25. Nc7 Rc8 26. Ne6 Rxc4 27. g5 Qb5 28.
Qg4 Ne5 29. Qe2 Be7 30. Nd4 Qd7 31. Qh5+ g6 32. fxg6+ Nxg6 33. gxf6 Bxf6 34.
Nf5 Qd3+ 35. Ke1 Qxb1+ 36. Kf2 Rc2+ {time: 1.59 - 1.55} 0-1

[Event "7 tur"]
[Site "?"]
[Date "2004.??.??"]
[Round "?"]
[White "Abdulyazanov"]
[Black "Salov"]
[Result "1-0"]
[WhiteElo "2385"]
[BlackElo "2285"]
[PlyCount "99"]
[EventDate "2004.??.??"]

1. e4 c5 2. Nf3 e6 3. d4 cxd4 4. Nxd4 a6 5. Nc3 b5 6. Bd3 Qb6 7. Nb3 Qc7 8. O-O
Nf6 9. a3 Bb7 10. f4 d6 11. Qf3 Be7 12. Be3 Nc6 13. Rae1 b4 14. axb4 Nxb4 15.
Nd4 Nxd3 16. cxd3 h5 17. h3 g6 18. Qd1 Rd8 19. Re2 h4 20. Qa4+ Qd7 21. Qb3 d5
22. e5 Nh5 23. Rc2 Ng3 24. Rfc1 Nf5 25. Na4 Nxd4 26. Bxd4 Qb5 27. Qxb5+ axb5
28. Nb6 Rb8 29. Rc7 Bd8 30. Nd7 Bxc7 31. Rxc7 Rd8 32. Nf6+ Kf8 33. Rxb7 Kg7 34.
Nd7 Ra8 35. Rxb5 Ra4 36. b4 Ra2 37. Rb7 Rha8 38. Nc5 Kg8 39. Nd7 Rd2 40. Ra7
Rc8 41. Nc5 Rb8 42. Ra4 Kg7 43. Kf1 Rc2 44. Bf2 Rb2 45. Be1 g5 46. fxg5 Kg6 47.
Ra7 Rh8 48. d4 Rh7 49. Re7 Kf5 50. Nxe6 {time: 1.45 - 2.17} 1-0

[Event "7 tur"]
[Site "?"]
[Date "2004.??.??"]
[Round "?"]
[White "Kichubaev"]
[Black "Mingachev"]
[Result "1-0"]
[WhiteElo "2430"]
[BlackElo "2345"]
[PlyCount "89"]
[EventDate "2004.??.??"]

1. d4 Nf6 2. c4 e6 3. Nf3 b6 4. a3 Bb7 5. Nc3 c5 6. d5 exd5 7. cxd5 d6 8. e4
Nbd7 9. Bd3 Be7 10. O-O a6 11. a4 Qc7 12. Re1 Ne5 {= ?} 13. Nxe5 dxe5 14. Be3
Bd6 15. Rc1 Qe7 16. Qb3 Nd7 17. Be2 h5 18. Nb1 Rb8 19. Nd2 g5 20. Nc4 f6 21.
Nxb6 Nxb6 22. Qxb6 Bxd5 23. Qxa6 Bxe4 24. Red1 Rd8 25. Qb5+ Kf8 26. Rxd6 Rxd6
27. Bxc5 Kg7 28. Bxd6 Qxd6 29. Rd1 Qc6 30. f3 Qxb5 31. Bxb5 Ba8 32. Rd7+ Kh6
33. Rd6 Kg7 34. b3 Rc8 35. Bc4 g4 36. Kf2 Kg6 37. a5 Kg5 38. a6 f5 39. Be2 gxf3
40. gxf3 Kf4 41. b4 Rc2 42. Ke1 Bxf3 43. Bxf3 Kxf3 44. Rd3+ Kg2 45. Rd2+ {
time: 2.04 - 2.06} 1-0

[Event "7 tur"]
[Site "?"]
[Date "2004.??.??"]
[Round "?"]
[White "Mikheev"]
[Black "Alexeev"]
[Result "0-1"]
[WhiteElo "2280"]
[BlackElo "2365"]
[PlyCount "100"]
[EventDate "2004.??.??"]

1. e4 e6 2. d4 d5 3. Nc3 Bb4 4. a3 Bxc3+ 5. bxc3 dxe4 6. f3 Nd7 7. Bf4 Ngf6 8.
fxe4 Nxe4 9. Qd3 Ndf6 10. Be2 Bd7 11. Nf3 Nd6 12. c4 Bc6 13. O-O Be4 14. Qb3
O-O 15. Rad1 h6 16. d5 exd5 17. cxd5 Nd7 18. c4 b6 19. Nd4 Qh4 20. Bg3 Qg5 21.
Nf3 Bxf3 22. Qxf3 Rae8 23. Bf4 Qe7 24. Rde1 Ne5 25. Qf2 Ne4 26. Qe3 Qc5 27.
Qxc5 Nxc5 28. Rd1 Ng6 29. Bh5 Nxf4 30. Rxf4 Re5 31. Bg4 Rfe8 32. Rdf1 Re4 33.
g3 Rxf4 34. Rxf4 Re3 35. Rf3 Re4 36. Rf4 Rxf4 37. gxf4 Nd3 38. f5 Kf8 39. Kg2
Ke7 40. Kg3 Kf6 41. Be2 Nc1 42. Bh5 Nb3 43. Kf4 Nd4 44. Bg4 Nc2 45. a4 a5 46.
Bf3 Nd4 47. Be4 Ne2+ 48. Ke3 Nc3 49. Bc2 Ke5 50. h3 Na2 {time: 2.10 - 2.06} 0-1

[Event "8 tur"]
[Site "?"]
[Date "2004.??.??"]
[Round "?"]
[White "Peleshev"]
[Black "Kichubaev"]
[Result "1/2-1/2"]
[WhiteElo "2310"]
[BlackElo "2430"]
[PlyCount "22"]
[EventDate "2004.??.??"]

1. d4 d5 2. Nf3 Nf6 3. c4 e6 4. Nc3 Be7 5. Bg5 h6 6. Bh4 O-O 7. e3 b6 8. cxd5
Nxd5 9. Bxe7 Qxe7 10. Nxd5 exd5 11. Qb3 Be6 {time: 0.06 - 0.03} 1/2-1/2

[Event "8 tur"]
[Site "?"]
[Date "2004.??.??"]
[Round "?"]
[White "Salov"]
[Black "Mikheev"]
[Result "1-0"]
[WhiteElo "2285"]
[BlackElo "2280"]
[PlyCount "49"]
[EventDate "2004.??.??"]

1. e4 c5 2. Nf3 d6 3. d4 cxd4 4. Nxd4 Nf6 5. Nc3 a6 6. Bg5 e6 7. f4 Nbd7 8. Qf3
Qc7 9. O-O-O b5 10. Bd3 Bb7 11. Rhe1 Qb6 12. Nb3 b4 13. Ne2 O-O-O 14. Bh4 Be7
15. Bf2 Qc7 16. Ng3 h5 17. Qe2 Nb8 18. Kb1 h4 19. Nf1 d5 20. e5 Ne4 21. Be3 f6
22. Nd4 Nc5 23. Qg4 f5 24. Bxf5 exf5 25. Nxf5 {time: 1.17 - 1.13} 1-0

[Event "8 tur"]
[Site "?"]
[Date "2004.??.??"]
[Round "?"]
[White "Mingachev"]
[Black "Abdulyazanov"]
[Result "1-0"]
[WhiteElo "2345"]
[BlackElo "2385"]
[PlyCount "95"]
[EventDate "2004.??.??"]

1. d4 d5 2. e3 Bf5 3. Bd3 Bg6 4. f4 e6 5. Nf3 Nf6 6. O-O c5 7. c3 Nc6 8. Ne5
Be7 9. b3 O-O 10. Ba3 Qa5 11. Nxg6 hxg6 12. Bb2 Rac8 13. Nd2 cxd4 14. exd4 Bd6
15. Qe2 Qc7 16. g3 Qe7 17. Nf3 Ba3 18. Bxa3 Qxa3 19. Ne5 Nxe5 20. fxe5 Nd7 21.
Rac1 Qa5 22. c4 dxc4 23. bxc4 Rc7 24. Rf4 Qa3 25. Rcf1 Nb6 26. Bxg6 Nxc4 27.
Qh5 fxg6 28. Rxf8+ Qxf8 29. Rxf8+ Kxf8 30. Qxg6 Re7 31. Qd3 b5 32. h4 Rc7 33.
g4 a5 34. g5 b4 35. g6 Ke8 36. Qh3 Ke7 37. Qf3 Ke8 38. Qa8+ Kd7 39. Qg8 Kc6 40.
Qxe6+ Kb5 41. Qe8+ Kb6 42. Qb8+ Rb7 43. Qd8+ Ka6 44. e6 a4 45. e7 Rxe7 46. Qxe7
b3 47. axb3 axb3 48. Qb4 {1.37 - 1.30} 1-0

[Event "8 tur"]
[Site "?"]
[Date "2004.??.??"]
[Round "?"]
[White "Gavariev"]
[Black "Zhidkov"]
[Result "1/2-1/2"]
[WhiteElo "2310"]
[BlackElo "2375"]
[PlyCount "64"]
[EventDate "2004.??.??"]

1. d4 Nf6 2. c4 e6 3. Nf3 b6 4. g3 Bb7 5. Bg2 c5 6. d5 exd5 7. Nh4 g6 8. cxd5
Bg7 9. Nc3 O-O 10. O-O d6 11. e4 Re8 12. Re1 a6 13. a4 Nbd7 14. f4 Qc7 15. Be3
b5 16. axb5 axb5 17. Rxa8 Rxa8 18. Nxb5 Qb6 19. Na3 Qxb2 20. Nc4 Qb4 21. Nxd6
Ng4 22. e5 Ndxe5 23. fxe5 Bxe5 24. Nxb7 Ra1 25. Bxc5 Qxe1+ 26. Qxe1 Rxe1+ 27.
Bf1 Rb1 28. Nd8 Rc1 29. Bb6 Rb1 30. Ba7 Ra1 31. Nc6 Rxa7 32. h3 Nf6 {
time: 1.45 - 1.23} 1/2-1/2

[Event "8 tur"]
[Site "?"]
[Date "2004.??.??"]
[Round "?"]
[White "Alexeev"]
[Black "Sultanov"]
[Result "0-1"]
[WhiteElo "2365"]
[BlackElo "2155"]
[PlyCount "63"]
[EventDate "2004.??.??"]

1. d4 d6 2. Nf3 Bg4 3. c4 Nd7 4. Nc3 e5 5. g3 c6 6. Bg2 Be7 7. O-O Ngf6 8. h3
Bh5 9. Nh4 Bg6 10. Nxg6 hxg6 11. e4 Nh5 12. Be3 f5 13. dxe5 dxe5 14. exf5 gxf5
15. g4 f4 16. Bd2 Nhf6 17. Qc2 Nf8 18. Rfe1 f3 19. Bxf3 Rxh3 20. Kg2 Rxf3 21.
Kxf3 Qd7 22. Rg1 O-O-O 23. Be3 Ne6 24. Ne4 Rf8 25. Nxf6 Rxf6+ 26. Kg2 Bc5 27.
Rad1 Nd4 28. Qe4 Rf4 29. Rxd4 Qxg4+ 30. Kf1 Qh3+ 31. Qg2 Qxe3 32. Rxf4 {
time: 0.03 - 0.05} 0-1

[Event "9 tur"]
[Site "?"]
[Date "2004.??.??"]
[Round "?"]
[White "Zhidkov"]
[Black "Zhavoronkov"]
[Result "1/2-1/2"]
[WhiteElo "2375"]
[BlackElo "2395"]
[PlyCount "21"]
[EventDate "2004.??.??"]

1. d4 d5 2. c4 c6 3. Nf3 Nf6 4. e3 e6 5. Nbd2 Nbd7 6. Bd3 Be7 7. O-O O-O 8. e4
dxe4 9. Nxe4 Nxe4 10. Bxe4 Nf6 11. Bc2 {time: 0.03 - 0.06} 1/2-1/2

[Event "9 tur"]
[Site "?"]
[Date "2004.??.??"]
[Round "?"]
[White "Kichubaev"]
[Black "Gavariev"]
[Result "1/2-1/2"]
[WhiteElo "2430"]
[BlackElo "2310"]
[PlyCount "36"]
[EventDate "2004.??.??"]

1. Nf3 Nf6 2. c4 g6 3. Nc3 Bg7 4. e4 d6 5. d4 O-O 6. Be2 Nc6 7. d5 Nb8 8. O-O
e5 9. Bg5 h6 10. Bh4 Qe8 11. Nd2 Nh7 12. b4 f5 13. f3 a5 14. Nb5 Rf7 15. c5 Bf8
16. cxd6 cxd6 17. bxa5 Rxa5 18. a4 Ng5 {time: 0.44 - 0.42} 1/2-1/2

[Event "9 tur"]
[Site "?"]
[Date "2004.??.??"]
[Round "?"]
[White "Abdulyzanov"]
[Black "Peleshev"]
[Result "1-0"]
[WhiteElo "2385"]
[BlackElo "2310"]
[PlyCount "39"]
[EventDate "2004.??.??"]

1. e4 e5 2. Nf3 Nc6 3. Bb5 a6 4. Ba4 d6 5. O-O Bg4 6. h3 h5 7. Bxc6+ bxc6 8. d4
Bxf3 9. Qxf3 exd4 10. e5 d5 11. c3 dxc3 12. Nxc3 Qd7 13. Be3 Ne7 14. Rfe1 Rb8
15. Bd4 Rh6 16. b3 g5 17. Qd3 Nf5 18. e6 Rxe6 19. Qxf5 Be7 20. Qh7 {
time: 0.58 - 1.44} 1-0

[Event "9 tur"]
[Site "?"]
[Date "2004.??.??"]
[Round "?"]
[White "Sultanov"]
[Black "Salov"]
[Result "0-1"]
[WhiteElo "2155"]
[BlackElo "2285"]
[PlyCount "92"]
[EventDate "2004.??.??"]

1. e4 c5 2. Nf3 e6 3. c3 Nf6 4. e5 Nd5 5. d4 cxd4 6. cxd4 b6 7. Nc3 Nxc3 8.
bxc3 Qc7 9. Bd2 d6 10. Bd3 Bb7 11. exd6 Bxd6 12. O-O Nd7 13. Re1 O-O 14. h3 Bf4
15. Be4 Bxd2 16. Qxd2 Rac8 17. Bxb7 Qxb7 18. Rac1 b5 19. Qd3 Qd5 20. Rc2 a6 21.
Ne5 Rfd8 22. f4 Nxe5 23. Rxe5 Qc4 24. Qxc4 Rxc4 25. Rce2 g6 26. R2e3 Rdc8 27.
Rc5 R8xc5 28. dxc5 Rxf4 29. Rd3 Rc4 30. Rd6 Rxc5 31. Rxa6 Rxc3 32. a4 bxa4 33.
Rxa4 Rc2 34. Kh2 Kg7 35. Kg3 g5 36. Kf3 Rc3+ 37. Kf2 h5 38. Ra5 Kg6 39. Ke2 f5
40. Kf2 Rb3 41. Rc5 Rd3 42. Ra5 Rd5 43. Ra4 Rb5 44. Kf3 g4+ 45. Kf2 Kg5 46. Ra6
e5 {time: 1.52 - 1.57} 0-1

[Event "9 tur"]
[Site "?"]
[Date "2004.??.??"]
[Round "?"]
[White "Mikheev"]
[Black "Mingachev"]
[Result "1-0"]
[WhiteElo "2280"]
[BlackElo "2345"]
[PlyCount "119"]
[EventDate "2004.??.??"]

1. e4 e5 2. Nf3 Nf6 3. Nxe5 d6 4. Nf3 Nxe4 5. d4 d5 6. Bd3 Be7 7. O-O Nc6 8. c4
Nb4 9. Be2 O-O 10. Nc3 Be6 11. Ne5 f6 12. Nf3 c5 13. Qb3 Nxc3 14. bxc3 dxc4 15.
Bxc4 Bxc4 16. Qxc4+ Qd5 17. Qe2 Nc6 18. c4 Qh5 19. Rb1 Rae8 20. Qe6+ Kh8 21.
Qd5 Qxd5 22. cxd5 Nxd4 23. Rxb7 Nxf3+ 24. gxf3 Bd6 25. Rxa7 Ra8 26. Rxa8 Rxa8
27. Re1 Kg8 28. Re2 Kf7 29. Be3 f5 30. f4 h6 31. Kg2 Ra5 32. Rc2 Ke7 33. Kf3
Kd7 34. h3 Be7 35. Kg2 Kd6 36. Rd2 Bf6 37. Kf1 c4 38. Ke2 c3 39. Rc2 Kxd5 40.
Kd3 Ra4 41. f3 Rb4 42. Rc1 g5 43. fxg5 hxg5 44. Rg1 f4 45. Bc1 Rd4+ 46. Kc2 Kc4
47. Re1 Rd3 48. Re6 Rxf3 49. Rc6+ Kb4 50. a3+ Kb5 51. Rxf6 Rxh3 52. Kb3 Rh1 53.
a4+ Ka5 54. Rf5+ Ka6 55. Ba3 Rf1 56. Bc5 f3 57. Rf7 Rb1+ 58. Kc4 Rb7 59. Rf6+
Ka5 60. Rf8 {time: 2.17 - 2.13} 1-0

[Event "10 tur"]
[Site "?"]
[Date "2004.??.??"]
[Round "?"]
[White "Alexeev"]
[Black "Zhidkov"]
[Result "1/2-1/2"]
[WhiteElo "2365"]
[BlackElo "2375"]
[PlyCount "20"]
[EventDate "2004.??.??"]

1. d4 Nf6 2. c4 e6 3. Nf3 b6 4. g3 Bb7 5. Bg2 c5 6. O-O cxd4 7. Nxd4 Bxg2 8.
Kxg2 Nc6 9. Nxc6 dxc6 10. Nc3 Be7 {time: 0.02 - 0.02} 1/2-1/2

[Event "10 tur"]
[Site "?"]
[Date "2004.??.??"]
[Round "?"]
[White "Gavariev"]
[Black "Zhavoronkov"]
[Result "0-1"]
[WhiteElo "2310"]
[BlackElo "2395"]
[PlyCount "70"]
[EventDate "2004.??.??"]

1. d4 Nf6 2. c4 e6 3. Nf3 b6 4. g3 Bb7 5. Bg2 c5 6. d5 exd5 7. Nh4 g6 8. Nc3
Bg7 9. O-O O-O 10. Bg5 Na6 11. Nxd5 Bc6 12. Qd2 Nc7 13. e4 Ne6 14. Be3 Ng4 15.
Rae1 b5 16. Bf3 Nxe3 17. Nxe3 Nd4 18. Bg2 Re8 19. Ng4 bxc4 20. f4 h5 21. Ne5
Bxe5 22. fxe5 Rxe5 23. Rf2 Qg5 24. Qc3 Rae8 25. Qxc4 R8e6 26. a4 f5 27. Ref1
Bxe4 28. Bh3 Kg7 29. b4 Qe3 30. Ng2 Qd3 31. Qxd3 Bxd3 32. Rd1 c4 33. Nf4 Re1+
34. Rxe1 Rxe1+ 35. Bf1 Be4 {time: 1.22 - 1.35} 0-1

[Event "10 tur"]
[Site "?"]
[Date "2004.??.??"]
[Round "?"]
[White "Peleshev"]
[Black "Mikheev"]
[Result "0-1"]
[WhiteElo "2310"]
[BlackElo "2280"]
[PlyCount "64"]
[EventDate "2004.??.??"]

1. e4 e5 2. Nc3 Nf6 3. f4 d5 4. fxe5 Nxe4 5. Nf3 Be7 6. d3 Nxc3 7. bxc3 O-O 8.
Be2 f6 9. O-O Nd7 10. exf6 Nxf6 11. Qe1 Bd6 12. Qh4 c6 13. Bd2 Qc7 14. Rae1 Bd7
15. Kh1 Rae8 16. Nd4 Qa5 17. Bf3 Rxe1 18. Rxe1 Qxa2 19. Bf4 Bxf4 20. Qxf4 Qb2
21. h3 Qxc3 22. Re7 Qa1+ 23. Kh2 Ng4+ 24. Bxg4 Rxf4 25. Nb3 Qc3 26. Bxd7 Qxc2
27. Be6+ Kf8 28. Rxb7 Rf2 29. Kg3 Rxg2+ 30. Kf4 Qxd3 31. Ke5 Qg3+ 32. Kd4 Rc2 {
time: 1.58 - 1.21} 0-1

[Event "10 tur"]
[Site "?"]
[Date "2004.??.??"]
[Round "?"]
[White "Kichubaev"]
[Black "Abdlyazanov"]
[Result "1-0"]
[WhiteElo "2430"]
[BlackElo "2385"]
[PlyCount "79"]
[EventDate "2004.??.??"]

1. d4 Nf6 2. c4 g6 3. Nc3 d5 4. cxd5 Nxd5 5. e4 Nxc3 6. bxc3 c5 7. Be3 Bg7 8.
Qd2 O-O 9. Nf3 Qa5 10. Rc1 e6 11. Bh6 Nc6 12. h4 cxd4 13. Bxg7 Kxg7 14. cxd4
Qxd2+ 15. Kxd2 Bd7 16. h5 f6 17. d5 exd5 18. exd5 Na5 19. Rc5 b6 20. Rc7 Rf7
21. hxg6 hxg6 22. Nd4 Re8 23. g3 a6 24. Bxa6 Re5 25. Kc3 Rxd5 26. Rb1 Rc5+ 27.
Rxc5 bxc5 28. Nc2 Be8 29. Rb8 Re7 30. Rc8 Nc6 31. Bc4 Ne5 32. Bd5 Ng4 33. f3
Ne3 34. Nxe3 Rxe3+ 35. Kc4 Re2 36. Rc7+ Kh6 37. Kxc5 g5 38. Ra7 Rc2+ 39. Kd4
Rd2+ 40. Kc4 {time: 1.59 - 2.00} 1-0

[Event "10 tur"]
[Site "?"]
[Date "2004.??.??"]
[Round "?"]
[White "Salov"]
[Black "Syskov"]
[Result "1-0"]
[WhiteElo "2280"]
[BlackElo "2260"]
[PlyCount "147"]
[EventDate "2004.??.??"]

1. e4 c5 2. Nf3 e6 3. d4 cxd4 4. Nxd4 Nc6 5. Nb5 d6 6. c4 Nf6 7. N1c3 a6 8. Nd4
Qc7 9. Be3 Ne5 10. Be2 b6 11. Rc1 Bb7 12. f3 Be7 13. O-O Ned7 14. Qd2 O-O 15.
Rc2 Rac8 16. Kh1 Qb8 17. Rb1 Ne5 18. b3 Rfe8 19. Bf1 Bd8 20. a4 Bc7 21. Bg1 h5
22. Qf2 Qa8 23. Rbc1 Ng6 24. a5 bxa5 25. Na4 Nd7 26. c5 dxc5 27. Nxc5 Nxc5 28.
Rxc5 Be5 29. Qe1 Rxc5 30. Rxc5 Rd8 31. Rc4 h4 32. Qxa5 h3 33. Nc6 Bxc6 34. Rxc6
Rd1 35. Qc5 Rxf1 36. Rc8+ Qxc8 37. Qxc8+ Kh7 38. Qc4 Rd1 39. g3 Bd4 40. Qxd4
Rxd4 41. Bxd4 Kh6 42. Kg1 Ne7 43. Kf2 f5 44. Ke3 g5 45. Kd3 fxe4+ 46. Kxe4 Nc6
47. Bc3 Kg6 48. g4 Kf7 49. f4 Kg6 50. f5+ Kf7 51. Kf3 Ne7 52. fxe6+ Kxe6 53.
Kg3 Ng6 54. Bd2 Kf6 55. Kxh3 Ne7 56. Kg3 Kg6 57. Kf3 Ng8 58. Bc3 Nh6 59. h3 Nf7
60. Ke4 Nd8 61. Kd5 Nb7 62. Kc6 Nd8+ 63. Kb6 Ne6 64. b4 Nf4 65. Kxa6 Nxh3 66.
b5 Nf4 67. b6 Ne6 68. Bb4 Nd8 69. Be7 Nc6 70. b7 Kf7 71. Kb6 Nb8 72. Bxg5 Ke6
73. Bf4 Nd7+ 74. Kc7 {time: 2.27 - 2.29} 1-0

[Event "11 tur"]
[Site "?"]
[Date "2004.??.??"]
[Round "?"]
[White "Mikheev"]
[Black "Kichubaev"]
[Result "1/2-1/2"]
[WhiteElo "2280"]
[BlackElo "2430"]
[PlyCount "29"]
[EventDate "2004.??.??"]

1. e4 c5 2. Nf3 e6 3. Nc3 a6 4. d4 cxd4 5. Nxd4 b5 6. Bd3 Qb6 7. Nb3 Qc7 8. O-O
Bb7 9. f4 d6 10. f5 e5 11. a3 Nd7 12. Qf3 Ngf6 13. Be3 Nc5 14. Kh1 Be7 15. Rae1
{time: 0.51 - 0.35} 1/2-1/2

[Event "11 tur"]
[Site "?"]
[Date "2004.??.??"]
[Round "?"]
[White "Zhidkov"]
[Black "Salov"]
[Result "1-0"]
[WhiteElo "2375"]
[BlackElo "2280"]
[PlyCount "61"]
[EventDate "2004.??.??"]

1. Nf3 Nf6 2. g3 g6 3. c4 Bg7 4. Bg2 d6 5. d4 O-O 6. O-O Nbd7 7. Qc2 e5 8. Rd1
Qe7 9. Nc3 c6 10. e4 Ne8 11. b3 f5 12. dxe5 dxe5 13. a4 a5 14. Ba3 Nc5 15. Ne1
Nc7 16. Nd3 N7a6 17. exf5 gxf5 18. Nxc5 Nxc5 19. Nd5 cxd5 20. Rxd5 b6 21. Rxc5
bxc5 22. Bxa8 Bb7 23. Bxb7 Qxb7 24. Bxc5 Rb8 25. Bd6 Qxb3 26. Qxf5 e4 27. Re1
Qc3 28. Qxe4 Rd8 29. Qe6+ Kh8 30. Qe8+ Rxe8 31. Rxe8+ {time: 1.05 - 1.21} 1-0

[Event "11 tur"]
[Site "?"]
[Date "2004.??.??"]
[Round "?"]
[White "Zhavoronkov"]
[Black "Alekseev"]
[Result "1-0"]
[WhiteElo "2395"]
[BlackElo "2365"]
[PlyCount "51"]
[EventDate "2004.??.??"]

1. e4 c5 2. Nf3 e6 3. d4 cxd4 4. Nxd4 Nc6 5. Nc3 a6 6. Be2 Nge7 7. Be3 Nxd4 8.
Qxd4 b5 9. O-O Nc6 10. Qd2 Be7 11. f4 Qc7 12. Rad1 d6 13. Qe1 O-O 14. Qg3 Kh8
15. Kh1 Rb8 16. e5 Bb7 17. exd6 Bxd6 18. Bxb5 axb5 19. Nxb5 Qa5 20. Nxd6 Ba6
21. c4 Rxb2 22. f5 exf5 23. Nxf5 Rg8 24. Nd6 Nd8 25. Rxf7 Qh5 26. Qxg7+ {
time: 1.28 - 1.39} 1-0

[Event "11 tur"]
[Site "?"]
[Date "2004.??.??"]
[Round "?"]
[White "Syskov"]
[Black "Mingachev"]
[Result "1-0"]
[WhiteElo "2260"]
[BlackElo "2345"]
[PlyCount "125"]
[EventDate "2004.??.??"]

1. e4 e5 2. Nf3 Nf6 3. Nxe5 d6 4. Nf3 Nxe4 5. d4 d5 6. Bd3 Be7 7. O-O Nc6 8. c4
Nb4 9. Be2 O-O 10. Nc3 Be6 11. Ne5 f6 12. Bg4 f5 13. Be2 Bd6 14. Qb3 Nc6 15.
Nf3 Na5 16. Qa4 Nxc3 17. bxc3 Nxc4 18. Bxc4 dxc4 19. Qb5 Kh8 20. Kh1 Qd7 21.
Qxb7 Rab8 22. Qa6 Bd5 23. Ne5 Bxe5 24. dxe5 Rb6 25. Qa3 Re8 26. Bf4 g5 27. Be3
Rg6 28. Bd4 Qc6 29. Rg1 h5 30. Qc5 Qxc5 31. Bxc5 h4 32. Rgd1 c6 33. Kg1 Kh7 34.
Bxa7 Rxe5 35. Re1 Rge6 36. Rxe5 Rxe5 37. a4 c5 38. Bxc5 Ba8 39. Bd4 Re8 40. h3
Kg6 41. a5 g4 42. Kh2 Re2 43. Kg1 gxh3 44. gxh3 f4 45. a6 Re8 46. Kf1 Kf7 47.
a7 Bf3 48. Ra5 Be2+ 49. Ke1 Bf3+ 50. Kd2 Kg6 51. Be5 Rf8 52. Kc1 Ba8 53. Rb5
Be4 54. Bd4 Rf5 55. Rxf5 Kxf5 56. Kb2 Bd5 57. Ka3 Ke4 58. Bf6 Kf3 59. Bxh4 Kg2
60. Kb4 Kxh3 61. Bf6 Kg4 62. Kc5 Ba8 63. Kd6 {time: 2.11 - 2.06} 1-0

[Event "11 tur"]
[Site "?"]
[Date "2004.??.??"]
[Round "?"]
[White "Sultanov"]
[Black "Peleshev"]
[Result "0-1"]
[WhiteElo "2155"]
[BlackElo "2310"]
[PlyCount "80"]
[EventDate "2004.??.??"]

1. e4 c5 2. Nf3 Nc6 3. Nc3 e6 4. d4 cxd4 5. Nxd4 Qc7 6. g3 a6 7. Bg2 Nf6 8. O-O
Bc5 9. Nb3 Ba7 10. Bf4 Ne5 11. Nd4 d6 12. a4 Bd7 13. Nce2 h6 14. b3 g5 15. Bc1
Ke7 16. Ba3 Bc5 17. Bb2 h5 18. h3 g4 19. h4 b5 20. axb5 axb5 21. Qd2 b4 22.
Rxa8 Rxa8 23. Qh6 Qb6 24. Rd1 Ra2 25. Bc1 Ra1 26. Kh2 Ng6 27. Rd3 e5 28. Nf5+
Bxf5 29. exf5 Nf8 30. Be3 Re1 31. Bxc5 Qxc5 32. Re3 N8d7 33. Qg7 Nd5 34. Nf4
Nxf4 35. Rxe1 Qxf2 36. Rg1 Ne2 37. Qg5+ Nf6 38. Rf1 Qxg3+ 39. Kh1 Nf4 40. Rg1
Nh3 {time: 2.07 - 2.00} 0-1